00666nam a22001937a 450000500170000001000150001702000270003203500130005903700130007208200110008510000220009624501080011826000570022627001150028330000210039850000190041970000180043870000160045620131218144612.0 aENG-108893 a9789382816065c1650.00 aEN-92426 bDBAD/PUB a801.95 aMiluwi, Joshua O. aTwentieth century literary criticism and theory /cby Joshua O. Miluwi , Shoma Barman [and] Hina Rashid aNew DelhibManglam Publishers and Distributorsc2013 aL-21/1, Street No.5, Shivaji Marg, Near Kali Mandir, J.P. Nagar, Kartar Nagar , West GhondabNew Delhie110053 a528p. c23cm(Hb) aIncludes index aBarman, Shoma aHina Rashid